| 000 | 00617nam a22001937a 4500 | ||
|---|---|---|---|
| 005 | 20170314164538.0 | ||
| 010 | _aENG-117485 | ||
| 020 |
_a9788124119044 _c795.00 |
||
| 035 | _aEN-101017 | ||
| 037 | _bDBAD/PUB | ||
| 082 | _a915.404 | ||
| 100 | _aLang, John | ||
| 245 |
_aWanderings in India : _cby John Lang ; Introduction by Girja Kumar _bsketches of life in Hindostan / |
||
| 260 |
_aNew Delhi _bHar-Anand Publications _c2015 |
||
| 270 |
_aE-49/3,Okhla Industrial Area,Phase-II _bNew Delhi _e110020 |
||
| 300 |
_a327p.. _b22cm(Hb) |
||
| 700 | _aGirja kumar | ||
| 942 |
_2ddc _cEN _h915.404 _mLAN |
||
| 999 |
_c138259 _d138259 |
||